Aplikácia zaisťovacích stratégií na trhu zlata

Zaistenie s využitím faktora delta. Konkrétny príklad zaisťovacej stratégie pre producenta zlatých šperkov. Zaistenie proti rastu spotovej ceny zlata. Zaistenie sa proti rastu spotovej ceny prostredníctom kúpy kúpnych opcií. Zaistenie sa proti rastu spotovej ceny prostredníctom predaja predajných o...

Descrizione completa

Salvato in:
Dettagli Bibliografici
Autore principale: Medveďová, Vladimíra
Natura: Capitolo di libro
Lingua:slovacco
Soggetti:
Tags: Aggiungi Tag
Nessun Tag, puoi essere il primo ad aggiungerne!!

MARC

LEADER 00000nla$a2200000$$$4500
001 0065340
005 20231121080721.6
041 0 |a slo 
044 |a SK 
245 1 0 |a Aplikácia zaisťovacích stratégií na trhu zlata  |c Vladimíra Medveďová 
520 |a Zaistenie s využitím faktora delta. Konkrétny príklad zaisťovacej stratégie pre producenta zlatých šperkov. Zaistenie proti rastu spotovej ceny zlata. Zaistenie sa proti rastu spotovej ceny prostredníctom kúpy kúpnych opcií. Zaistenie sa proti rastu spotovej ceny prostredníctom predaja predajných opcií. Zaistenie proti poklesu spotovej ceny zlata. Zaistenie sa proti poklesu spotovej ceny prostredníctom predaja kúpnych opcií. Zaistenie sa proti poklesu spotovej ceny prostredníctom kúpy predajných opcií. Gamma hedging. Konkrétna zaisťovacia stratégia pomocou faktora gamma hedging. 
610 2 0 |a ceny 
610 2 0 |a deriváty 
610 2 0 |a komodity 
610 2 0 |a obchody burzové 
610 2 0 |a trh finančný 
610 2 0 |a zlato 
610 2 0 |a zaistenie 
100 1 |a Medveďová, Vladimíra